Search the Library Catalogue
| 000 -LEADER | |
|---|---|
| fixed length control field | 00738nam a2200241Ia 4500 |
| 008 - FIXED-LENGTH DATA ELEMENTS--GENERAL INFORMATION | |
| fixed length control field | 191130s1996##################000#0#eng## |
| 020 ## - INTERNATIONAL STANDARD BOOK NUMBER | |
| International Standard Book Number | 9780750625227 |
| 022 ## - INTERNATIONAL STANDARD SERIAL NUMBER | |
| International Standard Serial Number | 97114219 |
| 040 ## - CATALOGING SOURCE | |
| Original cataloging agency | ACL |
| Transcribing agency | ACL |
| 082 ## - DEWEY DECIMAL CLASSIFICATION NUMBER | |
| Classification number | 790.196 HUN |
| 100 ## - MAIN ENTRY--PERSONAL NAME | |
| Personal name | Lear, Roma |
| 245 ## - TITLE STATEMENT | |
| Title | Play helps : toys and activities for children with special needs |
| Statement of responsibility, etc. | Roma Lear ; illustrated by Jill Hunter |
| 250 ## - EDITION STATEMENT | |
| Edition statement | 4th ed |
| 260 ## - PUBLICATION, DISTRIBUTION, ETC. | |
| Place of publication, distribution, etc. | Oxford ; Boston, MA |
| Name of publisher, distributor, etc. | Butterworth/Heinemann |
| Date of publication, distribution, etc. | 1996 |
| 300 ## - PHYSICAL DESCRIPTION | |
| Extent | xv, 254 p. : ill. ; 25 cm |
| 650 ## - SUBJECT ADDED ENTRY--TOPICAL TERM | |
| Topical term or geographic name entry element | Children with disabilities - Recreation |
| Topical term or geographic name entry element | Creative activities and seat work |
| Topical term or geographic name entry element | Games |
| Topical term or geographic name entry element | Toys |
| 990 ## - EQUIVALENCES OR CROSS-REFERENCES [LOCAL, CANADA] | |
| Link information for 9XX fields | bf21094fac10000c02f5ddf345eca89c |
| 991 ## - | |
| -- | 354470 |
| Withdrawn status | Lost status | Materials specified (bound volume or other part) | Damaged status | Not for loan | Home library | Current library | Shelving location | Date acquired | Total Checkouts | Full call number | Barcode | Date last seen | Price effective from | Koha item type |
|---|---|---|---|---|---|---|---|---|---|---|---|---|---|---|
| pbk | Anna Centenary Library | Anna Centenary Library | 6TH FLOOR, B WING | 09.10.2020 | 790.196 HUN | 242769 | 09.10.2020 | 09.10.2020 | English Books |